Historické východiská aktuálnej výučby nemčiny ako cudzieho jazyka

Historický prehľad výučby nemeckého jazyka ako cudzieho jazyka vo svete, s dôrazom na Európu v 20. storočí. Historické príčiny nárastu, resp. poklesu obľúbenosti jeho výučby. Prehľad aktivít realizovaných nemeckou vládou a nemeckými vzdelávacími inštitúciami na jeho podporu. Potreba zakotvenia nemči...

Description complète

Enregistré dans:
Détails bibliographiques
Auteur principal: Mrázová, Mária
Format: Chapitre de livre
Langue:slovaque
Sujets:
Tags: Ajouter un tag
Pas de tags, Soyez le premier à ajouter un tag!

MARC

LEADER 00000nla a2200000 4500
001 0220120
005 20240502073623.7
041 0 |a slo 
044 |a SK 
245 1 0 |a Historické východiská aktuálnej výučby nemčiny ako cudzieho jazyka  |c Mária Mrázová 
520 |a Historický prehľad výučby nemeckého jazyka ako cudzieho jazyka vo svete, s dôrazom na Európu v 20. storočí. Historické príčiny nárastu, resp. poklesu obľúbenosti jeho výučby. Prehľad aktivít realizovaných nemeckou vládou a nemeckými vzdelávacími inštitúciami na jeho podporu. Potreba zakotvenia nemčiny v školských osnovách na Slovensku. 
610 2 0 |a jazyky cudzie 
610 2 0 |a nemčina 
610 2 0 |a vzdelávanie 
610 2 0 |a história 
610 2 0 |a motivácia 
100 1 |a Mrázová, Mária